| 000 | 00886nam a2200265Ia 4500 | ||
|---|---|---|---|
| 003 | OSt | ||
| 005 | 20220930075532.0 | ||
| 006 | a|||||r|||| 00| 0 | ||
| 007 | ta | ||
| 008 | 220926b |||||||| |||| 00| 0 eng d | ||
| 024 | _a82533 | ||
| 037 | _cTheses | ||
| 040 |
_aCRL _cCRL _beng |
||
| 041 |
_2eng _aeng |
||
| 100 |
_aGhanghas Rajesh _9536802 |
||
| 110 | _aUniversity of Delhi. Faculty of Medical Sciences. Department of Surgery | ||
| 245 | 0 | _aComparison of various scoring systems in predicting mortality in patients with intraabdominal infection | |
| 260 | _c2004 | ||
| 650 | _aSURGERY | ||
| 700 |
_a Dr. Arun Gupta Gu. _9536029 |
||
| 700 |
_a Dr. Sunil Kumar Gu. _9532243 |
||
| 700 | _aUniversity of Delhi. Faculty of Medical Sciences. Department of Surgery | ||
| 942 |
_cDIS _2CC |
||
| 999 |
_c868419 _d868419 |
||